000
00457nam a2200133Ia 4500
008
100328s9999 xx 000 0 und d
082
_b
51136
100
_a
केळकर ग.म.
245
_a
अद्वितीय साहसकथा-भाग-2
260
_b
पुरंदरे
630
_a
अद्वितीय साहसकथा-भाग-2
730
_a
अद्वितीय साहसकथा-भाग-2
942
_c
BOOK
999
_c
538128
_d
538125